Formulas, facts, and constants for students and professionals in engineering, chemistry and physics /

Bibliographic Details
Main Author: Fischbeck, Helmut J., 1928-2015
Other Authors: Fischbeck, Kurt, 1898-1980
Format: Book
Language:English
Published: Berlin ; New York : Springer-Verlag, 1982.
Subjects:

MARC

Tag First Indicator Second Indicator Subfields
LEADER 00000cam a22000008a 4500
001 in00000096502
005 20150923174119.0
008 820127s1982 wb a 00010 eng
010 |a  82000721  
020 |a 0387113150 (U.S.) 
035 |a (OCoLC)08169487 
035 |9 AAK8629AM 
039 0 |a 2  |b 3  |c 3  |d 3  |e 3 
040 |a DLC  |c DLC  |d TXA  |d UtOrBLW 
049 |a TXAM  |c [1673845] 
050 0 0 |a QC61  |b .F58 
082 0 |a 530/.0212  |2 19 
100 1 |a Fischbeck, Helmut J.,  |d 1928-2015. 
245 1 0 |a Formulas, facts, and constants for students and professionals in engineering, chemistry and physics /  |c H.J. Fischbeck, K.H. Fischbeck. 
263 |a 8207 
264 1 |a Berlin ;  |a New York :  |b Springer-Verlag,  |c 1982. 
300 |a xii, 251 pages :  |b illustrations ;  |c 23 cm. 
336 |a text  |b txt  |2 rdacontent 
337 |a unmediated  |b n  |2 rdamedia 
338 |a volume  |b nc  |2 rdacarrier 
650 0 |a Physics  |v Handbooks, manuals, etc. 
700 1 |a Fischbeck, Kurt,  |d 1898-1980. 
999 |a MARS 
999 f f |s 8a4ace02-05ab-3108-b19c-45cd3543f52a  |i bb6b8117-d022-3f0b-8458-81584bab1f4b  |t 0 
952 f f |p ric  |a Texas A&M University  |b Rellis Campus  |c Joint Library Facility  |d Remote Storage  |t 0  |e QC61 .F58  |h Library of Congress classification  |i unmediated -- volume  |m A14806269463 
998 f f |a QC61 .F58  |t 0  |l Remote Storage